Operations management Theory and problems / Joseph G. Monks (Registro nro. 23601)
[ vista simple ]
| 000 -LÍDER | |
|---|---|
| fixed length control field | 00428nam a2200145 4500 |
| 020 ## - NÚMERO INTERNACIONAL NORMALIZADO PARA LIBROS | |
| ISBN | 0-07-042727-5 |
| 050 ## - SIGNATURA TOPOGRAFICA DE LA BIBLIOTECA DEL CONGRESO (LC) | |
| Número de Clasificación | TS155 M745 |
| 082 ## - NUMERO DE CLASIFICACION DECIMAL DEWEY | |
| Número de Clasificación | 658.53 M445o |
| 100 ## - ASIENTO PRINCIPAL--NOMBRE PERSONAL | |
| Nombre personal | Monks, Joseph G. |
| 245 ## - TÍTULO | |
| Título | Operations management Theory and problems / Joseph G. Monks |
| 250 ## - MENCIÓN DE EDICIÓN | |
| Mención de edición | 3a ed. |
| 260 ## - PUBLICACIÓN, DISTRIBUCIÓN, ETC. (PIE DE IMPRENTA) | |
| Lugar de publicación, distribución, etc. | Estados Unidos : McGraw-Hill |
| 300 ## - DESCRIPCIÓN FÍSICA | |
| Extensión | XIV, 719p. / 24 cm. |
| 650 ## - ASIENTO SECUNDARIO DE MATERIA - TERMINO TEMÁTICO | |
| Término temático o nombre geográfico como elemento de entrada | 1. OPERATIONS DECISION MAKING \ 2. PRODUCTS AND PROCESSES |
| No. biblioteca | No. biblioteca | Número de clasificación | Código de barras/Número de adquisición | Número de copia | Tipo de material |
|---|---|---|---|---|---|
| LUIS G. INCLAN | LUIS G. INCLAN | 658.53 M445o | 22294 | 6 | Libros |
| LUIS G. INCLAN | LUIS G. INCLAN | 658.53 M445o | 22295 | 7 | Libros |
| LUIS G. INCLAN | LUIS G. INCLAN | 658.53 M445o | 22296 | 8 | Libros |
| LUIS G. INCLAN | LUIS G. INCLAN | 658.53 M445o | 22297 | 9 | Libros |
